NLSUI OPAC header image

WCD case study: Large dams: India's experience (Record no. 37164)

MARC details
000 -LEADER
fixed length control field 00632nam a2200157Ia 4500
008 - FIXED-LENGTH DATA ELEMENTS--GENERAL INFORMATION
fixed length control field 160316s2000 xxu||||| |||| 00| 0 eng d
082 ## - DEWEY DECIMAL CLASSIFICATION NUMBER
Classification number 333.715300
Item number RAN
100 ## - MAIN ENTRY--PERSONAL NAME
Personal name Rangachari R
245 ## - TITLE STATEMENT
Title WCD case study: Large dams: India's experience
250 ## - EDITION STATEMENT
Edition statement
260 ## - PUBLICATION, DISTRIBUTION, ETC.
Place of publication, distribution, etc. South Africa
Name of publisher, distributor, etc. Secretariate of the World Commission on Dams
Date of publication, distribution, etc. 2000
300 ## - PHYSICAL DESCRIPTION
Extent 231
Other physical details
Dimensions
365 ## - TRADE PRICE
Price amount
650 ## - SUBJECT ADDED ENTRY--TOPICAL TERM
Topical term or geographic name entry element 1. Large dams - national water policy - river<br/>2. Laws - policies - institutions - procedures <br/>3. Financial - economic - distributonal analysis - dams <br/>4. Environmental - social impacts - dams <br/>
700 ## - ADDED ENTRY--PERSONAL NAME
Personal name Sengupta Nirmal
-- Iyer Ramaswamy R.
Holdings
Withdrawn status Lost status Damaged status Not for loan Home library Current library Shelving location Date acquired Total Checkouts Full call number Barcode Date last seen Price effective from Koha item type
        . .   30.05.2017   333.7153 RAN REP12485 30.05.2017 30.05.2017 Repository